| 000 | 01871nam a2200481 i 4500 | ||
|---|---|---|---|
| 001 | DIGITESO0061 | ||
| 003 | NyNyDIG | ||
| 008 | 210531s2015 mx o 000 0 spa d | ||
| 006 | m o d | ||
| 007 | cr ||||||||||| | ||
| 035 | _a(OCoLC)1259567074 | ||
| 040 |
_aDGITA _beng _erda _epn _cDGITA |
||
| 020 |
_a9786079361839 _qeBook _qpdf |
||
| 020 |
_a9786079361822 _qeBook _qePub |
||
| 020 | _z9786079361846 | ||
| 050 | 1 | 4 | _aLC487 ebook |
| 082 | 0 | 4 | _a378.071273 |
| 100 | 1 |
_aVergara Aceves, Jesús, _eauthor. |
|
| 245 | 1 | 0 |
_aEl estilo ignaciano como propulsor de una universidad de inspiración cristiana / _cJesús Vergara Aceves, SJ. |
| 250 | _a2a. edición. | ||
| 264 | 1 |
_aGuadalajara : _bITESO, Universidad Jesuita de Guadalajara, _c2015. |
|
| 300 | _a1 online resource. | ||
| 336 |
_atext _btxt _2rdacontent |
||
| 337 |
_acomputer _bc _2rdamedia |
||
| 338 |
_aonline resource _bcr _2rdacarrier |
||
| 347 |
_atext file _2rdaft |
||
| 347 | _bPDF | ||
| 347 | _bEPUB | ||
| 490 | 1 |
_aColección Pensamiento jesuítico ; _v04 |
|
| 588 | 0 | _aOnline resource; title from PDF title page (Digitalia, viewed May 31, 2021) | |
| 600 | 0 | 0 |
_aIgnatius, _cof Loyola, Saint, _d1491-1556. |
| 650 | 0 | _aCatholic universities and colleges. | |
| 650 | 0 |
_aEducation _xPhilosophy. |
|
| 650 | 0 | _aEducation, Higher. | |
| 655 | 0 | _aElectronic books. | |
| 776 | 0 | 8 |
_iPrint version: _aVergara Aceves, Jesús. _tEstilo ignaciano como propulsor de una universidad de inspiración cristiana. _b1a. edición. _dGuadalajara : ITESO, Universidad Jesuita de Guadalajara, 2015 _z9786079361846 |
| 791 | 2 |
_aDigitalia (Firm), _edistributor. |
|
| 793 | 0 |
_gDigitalia eBook Collection: _aITESO |
|
| 830 | 0 |
_aColección Pensamiento jesuítico ; _v4. |
|
| 856 | 4 | 0 |
_3Digitalia Hispánica _uhttps://www.digitaliapublishing.com/a/59611/ |
| 910 | _aPremium Collection: 2021 | ||
| 942 | _cRAA | ||
| 999 |
_c256374 _d256374 |
||